00822 a2200241 450000500170000000800390001702000150005602000180007104000650008904100080015424500920016226000620025430000350031665000270035165000200037865000140039865000150041270000280042770000330045570000250048870000380051370000290055120160913162025.0140124s2013 sp d fr 000 0 spa a8448138376 a9788448183578 aCO-BoUCMbspacSaul Niño (Modificó)dAldemar Mondragón00aspa00aMicroeconomía intermediabproblemas y cuestionescAmparo Carrasco Pradas...[y otros.] aBogotá (Colombia)aMadrid (España)bMcGraw-Hillc2013 avii, 518 páginasbgráficas 7aDesarrollo económico 7aMicroeconomía 7aMonopolio 7aOligopolio1 aCarrasco Pradas, Amparo1 aGracia Expósito, Esperanza1 aHuergo Orejas, Elena1 aIglesia Villasol, Cavadonga de la1 aMoreno Martín, Lourdes